Klíč k novověké paleografii

Saved in:
Bibliographic Details
Main Author Ebelová, Ivana
Format Electronic eBook
LanguageCzech
Published Karolinum 2015
Edition1. elektronické vydání
Subjects
Online AccessDostupné v BOOKPORT po přihlášení pomocí eduID
ISBN978-80-246-3254-4
978-80-246-2507-2
Physical Description1 online zdroj (244 stran)

Cover

LEADER 00000nam a2200000 i 4500
001 bkp463508136
003 CZ-prgp
005 20191002093248.0
006 m o d
007 cr cn
008 191002s2015 xr o 000 0 cze
020 |a 978-80-246-3254-4  |c 200 Kč  |q (online ; pdf) 
020 |a 978-80-246-2507-2  |c 280 Kč  |q (print) 
040 |a Grada  |b cze  |e rda 
100 1 |a Ebelová, Ivana 
245 1 0 |a Klíč k novověké paleografii  |c Ivana Ebelová 
250 |a 1. elektronické vydání 
264 1 |b Karolinum  |c 2015 
300 |a 1 online zdroj (244 stran) 
336 |a text  |b txt  |2 rdacontent 
337 |a počítač  |b c  |2 rdamedia 
338 |a online zdroj  |b cr  |2 rdacarrier 
520 3 |a Příručka "Klíč k novověké paleografii" představuje praktickou pomůcku pro zvládnutí čtení raně novověkých a novověkých paleografických textů (od počátku 16. do počátku 20. století). Soustřeďuje se na dva základní typy písma - české a německé novogotické písmo, především jejich kurzívní formy, které se vyvíjely vedle sebe a navzájem se ovlivňovaly až do schválení Všeobecného školního řádu v roce 1774. Vzhledem k tomu, že jedním z hlavních problémů aktivního osvojení si čtení textů ze sledovaného období je výrazná individualizace písem, daná rozvojem vzdělanosti a znalostí psaní a na to navazující širokou typologickou škálou písemností, je hlavním záměrem ukázat některé z nejčastěji se vyskytujících tvarů jednotlivých písmen české i německé novogotické kurzívy a ilustrovat variabilitu grafémů danou individuálním projevem písaře. Vedle těchto grafémů je v příručce zařazeno 20 jazykově českých a 20 německých ukázek textů včetně paleografických přepisů a doprovodného komentáře, zařazeny jsou rovněž ukázky písma z učebnic psaní užívaných ve předmětném období, připojen je rovněž přehled nejčastěji užívaných zkratek. 
650 0 4 |a Dějiny 
856 4 0 |u https://www.bookport.cz/AccountSaml/SignIn/?idp=https://shibboleth.utb.cz/idp/shibboleth&returnUrl=/kniha/klic-k-novoveke-paleografii-5659/  |y Dostupné v BOOKPORT po přihlášení pomocí eduID